Transfery Evertonu w letnim okienku transferowym 2020/21. - Statystyki

Ogólne statystyki
  • Ten quiz został rozwiązany 51 razy
    33 od ostatniego zresetowania
  • Średni wynik to 3 z 6
Statystyki odpowiedzi
Cena Pozycja Poprzedni klub Piłkarz % Poprawnych
Za darmo Ofensywny pomocnik Real Madryt James
90%
25,00 mln Środkowy pomocnik Napoli Allan
87%
Wypożyczenie Bramkarz Roma Olsen
67%
22,10 mln Środkowy pomocnik Watford Doucoure
63%
27,50 mln Środkowy obrońca Norwich Godfrey
33%
270 tys Lewy obrońca Marseille B Nkounkou
3%
Nie znaleziono quizów pasujących do podanych kryteriów
Rozkład punktacji
Procent ludzi z każdym wynikiem
Percentyl według liczby udzielonych odpowiedzi
Twoja historia wyników
Nie rozwiązałeś tego quizu od ostatniego zresetowania